000 00336nam a2200133Ia 4500
008 151001s9999||||xx |||||||||||||| ||und||
100 _aराजाराम भादू
245 _aडेविड ऑसवरॉ और
250 _a1
260 _bआधार
260 _c2007
300 _a136
365 _b21
999 _c994442
_d994439